000 01345nam0a2200241 4500
001 RU\NLR\BIBL_A\022518187
005 20250806203704.0
035 _a(NLR Aleph) 022518187
090 _a87640
_c87640
100 _a20250409d1941 m y0rusy50 ca
101 0 _atuk
_arus
102 _aTM
105 _ay z 000yy
181 0 _ai
_baxxe
182 0 _an
200 1 _a1-3 февралда 1941-нҗи йылда Ашгабат шахеринде болан ТССР Прокуратура, суд ве милиция органлары ишгәрлериниӊ республикан маслахатыныӊ чыкарап карары.
_dПостановление Республиканского совещания работников органов прокуратуры, суда и милиции Туркменской ССР, состоявшегося в городе Ашхабаде 1-3 февраля 1941 года
_fТССР Прокуратурасы ве ЮХК
_fПрокуратура и НКО ТССР
203 _aТекст
_bвизуальный
_cнепосредственный
210 _aАшгабат
_cТССР Прокуратурасы ве ЮХК
_d1941
215 _a19,[1] с.
_d22
942 _cBOOK
945 _aРоссийская национальная библиотека
980 _aBV